<?xml version="1.0" encoding="UTF-8"?>
<marc:record xmlns:marc="http://www.loc.gov/MARC21/slim">
   <marc:leader>00000nam a2200000 a 4500</marc:leader>
   <marc:datafield ind1="1" ind2=" " tag="100">
      <marc:subfield code="a">Bartram, Angelika</marc:subfield>
      <marc:subfield code="4">aut</marc:subfield>
      <marc:subfield code="e">Verfasser/-in</marc:subfield>
   </marc:datafield>
   <marc:datafield ind1=" " ind2=" " tag="653">
      <marc:subfield code="a">ab 6</marc:subfield>
   </marc:datafield>
   <marc:datafield ind1=" " ind2=" " tag="653">
      <marc:subfield code="a">Wut</marc:subfield>
   </marc:datafield>
   <marc:datafield ind1="0" ind2="0" tag="245">
      <marc:subfield code="a">Kleine Helden - Riesenwut</marc:subfield>
   </marc:datafield>
   <marc:datafield ind1="0" ind2="0" tag="245">
      <marc:subfield code="b">Geschichten, die stark machen</marc:subfield>
   </marc:datafield>
   <marc:datafield ind1=" " ind2="1" tag="264">
      <marc:subfield code="b">Reinbek/Rowohlt/1994/208</marc:subfield>
      <marc:subfield code="c">2012</marc:subfield>
   </marc:datafield>
   <marc:datafield ind1="1" ind2=" " tag="490">
      <marc:subfield code="a">Kleine Helden</marc:subfield>
   </marc:datafield>
   <marc:datafield ind1="1" ind2=" " tag="520">
      <marc:subfield code="a">Rudi ist wütend. So wütend, dass er gar nicht mehr weiß, wohin mit all der Wut. Der ganze Rudi rast. Und mit einem Mal geht Rudi in die Luft und landet o Schreck! mitten auf der Wutwolke. Hier wartet schon der weise Jau-Jau, und er weiß wie immer Rat. Er erzählt Rudi Geschichten, die helfen, dem Geheimnis der Wut auf die Spur zu kommen: vom rasenden Riesen Rolfhardt, vom grollenden Pirat Rollo Pitrollo, vom wutschnaubenden Drachen Otto Schamotto und von vielen anderen kleinen Helden. Rudi lernt, mit seiner Wut umzugehen. Und als schließlich auch seine in Streit geratenen Eltern auf der Wutwolke landen, hat Rudi die Lösung, die sie alle wieder von ihrer Wut herunterbringt.</marc:subfield>
   </marc:datafield>
   <marc:datafield ind1=" " ind2=" " tag="020">
      <marc:subfield code="a">9783499213717</marc:subfield>
      <marc:subfield code="9">9783499213717</marc:subfield>
   </marc:datafield>
</marc:record>
